Manual of neonatal care / (Record no. 31843)
[ view plain ]
| 000 -LEADER | |
|---|---|
| fixed length control field | 00768cam2a220021700 4500 |
| 005 - DATE AND TIME OF LATEST TRANSACTION | |
| control field | 20190814092356.0 |
| 008 - FIXED-LENGTH DATA ELEMENTS--GENERAL INFORMATION | |
| fixed length control field | 020220 |
| 020 ## - INTERNATIONAL STANDARD BOOK NUMBER | |
| International Standard Book Number | 0781715784 |
| 035 ## - SYSTEM CONTROL NUMBER | |
| System control number | (Sirsi) a144643 |
| 040 ## - CATALOGING SOURCE | |
| Original cataloging agency | CIP |
| 050 #0 - LIBRARY OF CONGRESS CALL NUMBER | |
| Classification number | RJ251 |
| Item number | Man 1997 |
| 245 10 - TITLE STATEMENT | |
| Title | Manual of neonatal care / |
| Statement of responsibility, etc. | edited by John P. Cloherty and Ann R. Stark. |
| 250 ## - EDITION STATEMENT | |
| Edition statement | 4th ed. |
| 260 ## - PUBLICATION, DISTRIBUTION, ETC. | |
| Place of publication, distribution, etc. | Philadelphia, P.A. : |
| Name of publisher, distributor, etc. | Lippincott Williams and Wilkins, |
| Date of publication, distribution, etc. | 1997. |
| 350 ## - PRICE (NR) (BK AM CF MU VM SE) [OBSOLETE] | |
| Price | 25 |
| 504 ## - BIBLIOGRAPHY, ETC. NOTE | |
| Bibliography, etc. note | includes bibliographical references and index. |
| 650 #0 - SUBJECT ADDED ENTRY--TOPICAL TERM | |
| Topical term or geographic name entry element | Neonatalogy -- Handbooks,manuals,etc. |
| General subdivision | Neonatalogy -- Handbooks,manuals,etc. |
| Linkage | S86821.1 |
| 650 #0 - SUBJECT ADDED ENTRY--TOPICAL TERM | |
| Topical term or geographic name entry element | Infants -- Care |
| General subdivision | Infants -- Care |
| Linkage | S11407.1 |
| 700 00 - ADDED ENTRY--PERSONAL NAME | |
| Personal name | Cloherty, John P. |
| Linkage | A115209.1 |
| 700 00 - ADDED ENTRY--PERSONAL NAME | |
| Personal name | Stark, Ann R. |
| Linkage | A115210.1 |
| Withdrawn status | Lost status | Source of classification or shelving scheme | Damaged status | Not for loan | Home library | Current library | Shelving location | Total Checkouts | Full call number | Barcode | Date last seen | Copy number | Price effective from | Koha item type |
|---|---|---|---|---|---|---|---|---|---|---|---|---|---|---|
| Library of Congress Classification | Medical Library | Medical Library | On Shelf | RJ 253 MAN 1997 | 33729000448014 | 08/13/2019 | 1 | 08/13/2019 | Book |